00266nam a2200109Ia 4500008004100000082001500041100002100056245001800077260003500095300000800130650001800138191201s2019 xx 000 0 und d a615.32 BHP aBhardwaj, Lokesh 0aPharmacognosy bR.NARAIN Pub.aNew Delhic2019 a160 aPharmacognosy